Gaming Quiz

Random Gaming or Video Games Quiz

Video Game Keychains Quiz Stats

 Plays Quiz Updated Jun 21, 2017

Support Sporcle.
Go Orange.
Score 0/30 Timer 07:00
1 Play Today
% Correct
Pac-Man
98.9%
Sonic the Hedgehog
94.7%
Donkey Kong
88.8%
Guitar Hero
87.7%
Mario Kart
85.9%
Tetris
85%
Minecraft
81.4%
Kirby
79.9%
Grand Theft Auto V
78.9%
Mortal Kombat
78.7%
Halo
77.8%
Mega Man
71.2%
Space Invaders
70.2%
Assassin's Creed
61.8%
Portal 2
61.2%
% Correct
The Legend of Zelda
58.6%
Half-Life
57.8%
Duke Nukem
54.2%
LittleBigPlanet
54.2%
Dance Dance Revolution
53.1%
Gears of War
52%
Ratchet & Clank
46.4%
Overwatch
46%
Pokémon Go
45.1%
Resident Evil
43.9%
Silent Hill
31.7%
Metal Gear
30.1%
World of Warcraft
17.8%
Serious Sam
11.1%
Starcraft
5.9%

You're not logged in!

Compare scores with friends on all Sporcle quizzes.
OR
Log In
Forgot?

From the Vault

8 Scenes, 1 Movie! XI

by BigAl1994

We've never tried watching 8 scenes at once, but we imagine it might be hard to follow.
Remove Ads.
Support Sporcle.
Get the best of Sporcle when you Go Orange. This ad-free experience offers more features, more stats, and more fun while also helping to support Sporcle. Thank you for becoming a member.

Show Comments

Extras

Top Quizzes Today


Score Distribution

Your Account Isn't Verified!

In order to create a playlist on Sporcle, you need to verify the email address you used during registration. Go to your Sporcle Settings to finish the process.

Report this User

Report this user for behavior that violates our Community Guidelines.

Details: